La Formule Deus causa sui et l'oubli de l'Être (Record no. 552135)

000 -CABECERA
Campo de control de longitud fija 00446nab a2200145Ia 4500
003 - IDENTIFICADOR DEL NÚMERO DE CONTROL
Campo de control ES-SlBCS
005 - FECHA Y HORA DE LA ÚLTIMA TRANSACCIÓN
Campo de control 20210601130755.0
008 - CÓDIGOS DE INFORMACIÓN DE LONGITUD FIJA
Campo de control de longitud fija 140529s1984 xxu||||| |||| 00| 0 fre d
041 ## - CÓDIGO DE LENGUA
Código de lengua del texto/banda sonora o título independiente fre
100 1# - PUNTO DE ACCESO PRINCIPAL-NOMBRE DE PERSONA
Nombre de persona De Finance, Joseph
9 (RLIN) 55624
245 00 - MENCIÓN DE TÍTULO
Título La Formule Deus causa sui et l'oubli de l'Être
Mención de responsabilidad, etc. Joseph De Finance
650 04 - PUNTO DE ACCESO ADICIONAL DE MATERIA-TÉRMINO DE MATERIA
Término de materia o nombre geográfico como elemento inicial Metafísica
9 (RLIN) 13351
773 0# - ENLACE AL DOCUMENTO FUENTE
Título Presença Filosofica
Parte(s) relacionada(s) vol. 10, nº. 3-4, 1984, págs. 249-255
Número de control del registro relacionado Rev966
942 ## - ENTRADA DE ELEMENTOS AGREGADOS (KOHA)
Koha [por defecto] tipo de item Artículos de revista
Holdings
Suprimido Perdido Estropeado No para préstamo Localización permanente Localización actual Localización en estantería Fecha adquisición Préstamos totales Fecha última consulta Fecha del precio de reemplazo Tipo de item de Koha
        San Esteban San Esteban Depósito de revistas 11/07/2014   11/07/2014 11/07/2014 Artículos de revista

Bibliotecas Dominicos Provincia Hispania, 2016

Con tecnología Koha